Empirical Exploration of Customer Management Focus and Its Impact on Business Performance

Vplyv rôznych typov stratégie manažmentu zákazníkov na výkon podniku v 195 podnikoch zo siedmich priemyslených odvetí na Slovensku. Vplyv statégie koncetrovanej na IT, na dátové sklady a na integráciu.

Gespeichert in:
Bibliographische Detailangaben
1. Verfasser: Lesáková, Dagmar, 1949-
Weitere Verfasser: Rehák, Róbert, 1984-
Format: Buchkapitel
Sprache:Englisch
Schlagworte:
Tags: Tag hinzufügen
Keine Tags, Fügen Sie das erste Tag hinzu!

MARC

LEADER 00000naa a2200000 4500
001 0268182
005 20240502074215.7
041 0 |a eng 
044 |a SK 
245 1 0 |a Empirical Exploration of Customer Management Focus and Its Impact on Business Performance  |c Dagmar Lesáková, Róbert Rehák 
520 |a Vplyv rôznych typov stratégie manažmentu zákazníkov na výkon podniku v 195 podnikoch zo siedmich priemyslených odvetí na Slovensku. Vplyv statégie koncetrovanej na IT, na dátové sklady a na integráciu. 
610 2 0 |a manažment 
610 2 0 |a Slovensko 
610 2 0 |a podnik priemyselný 
610 2 0 |a zákazníci 
610 2 0 |a výkonnosť podniku 
610 2 0 |a sklad dát 
610 2 0 |a integrácia 
100 1 |a Lesáková, Dagmar, 1949- 
700 1 |a Rehák, Róbert, 1984-